000 01016nam a22003017a 4500
001 6664
003 FISKH
005 20250827091522.0
008 250519b cb ||||| |||| 00| 0 eng d
020 _a9780439295451
040 _aFISKH
_beng
_cFISKH
_dFISKH
050 _aE457.905
082 _a973.7092
100 _aBlack, Sonia
_d(1953-)
245 _aLet's read about...Abraham Lincoln /
_cBy Sonia Black ; Illustrated by Carol Heyer
250 _aThis edition first published in 2002
260 _aNew York :
_bScholastic,
_c2002
300 _a29 unnumbered pages :
_bcolor illustrations ;
_c23 cm
505 _aN
520 _aA brief biography of the sixteenth president of the United States, Abraham Lincoln, who served led the country through the difficult times of the Civil War.
521 8 _a560
_bLexile
521 8 _aN
_bRaz-Plus
650 _2Lincoln
_aBiography
650 _2Civil War
_aPresident
700 _aHeyer, Carol
_dillustrator
942 _2ddc
_cBK
_n0
999 _c6664
_d6664